Statistics for 3-Letter Scrabble Words that start with "L"

Click here to take the quiz!

General Stats

  • This quiz has been taken 262 times
  • The average score is 39 of 44

Answer Stats

Answer% Correct
lab
96%
law
96%
lad
96%
lap
96%
lat
96%
lot
95%
let
95%
led
95%
lay
95%
leg
95%
lit
95%
lag
95%
las
95%
lar
94%
lax
94%
lam
94%
lip
93%
lie
92%
lid
92%
lac
92%
lop
92%
low
91%
lib
89%
lee
89%
lav
89%
lea
88%
log
88%
ley
87%
lob
87%
lei
86%
lin
86%
loo
84%
lex
84%
lev
84%
lis
82%
lek
82%
lug
81%
lez
79%
leu
79%
lox
76%
lum
73%
luv
68%
lux
68%
lye
68%

Score Distribution

Percentile by Number Answered

Percent of People with Each Score

Your Score History

You have not taken this quiz